[Event "GRE-chT U16"]
[Site "Thessaloniki"]
[Date "2019.11.29"]
[Round "3.4"]
[White "Papatriantafyllou, Evangelia"]
[Black "Gorantonakis, Georgios"]
[Result "0-1"]
[WhiteElo "928"]
[BlackElo "1005"]
[PlyCount "73"]
[EventDate "2019.11.28"]
[EventType "team-swiss"]
[EventRounds "6"]
[EventCountry "GRE"]
[SourceTitle "CBM 193 Extra"]
[Source "ChessBase"]
[SourceDate "2020.01.31"]
[SourceVersion "1"]
[SourceVersionDate "2020.01.31"]
[SourceQuality "1"]
[WhiteTeam "Neas Erythraias"]
[BlackTeam "OFI"]
[WhiteTeamCountry "GRE"]
[BlackTeamCountry "GRE"]

1. e4 c5 2. Nf3 a6 3. d4 cxd4 4. Nxd4 Nf6 5. Nc3 e5 6. Nb3 Bb4 7. Bd2 Bxc3 8. Bxc3 Nc6 9. f3 b5 10. a3 0-0 11. Bd2 h6 12. Be3 d6 13. Qd2 Ne7 14. Rd1 d5 15. Bc5 Be6 16. Qb4 Re8 17. Na5 Qc7 18. Bd6 Qa7 19. Rd2 Ng6 20. b3 Qe3+ 21. Re2 Qc1+ 22. Kf2 Rac8 23. Bc5 Nd7 24. Be3 Qb2 25. g3 Rxc2 26. Rxc2 Qxc2+ 27. Qd2 Qc7 28. b4 d4 29. Bxd4 exd4 30. Qxd4 Qb6 31. Qxb6 Nxb6 32. Bd3 Rc8 33. Ra1 Ne5 34. Be2 Rc2 35. Ke3 Nec4+ 36. Kd3 Rd2+ 37. Kc3 0-1